| 000 | 00579nam a2200169 a 4500 | ||
|---|---|---|---|
| 001 | 000026375 | ||
| 005 | 20200930024536.0 | ||
| 008 | 110315s2005 dr 000 0 spa d | ||
| 040 |
_aDO-SdBNP _bspa _cBNPHU |
||
| 100 | 1 |
_aForestieri, Rolando _953402 |
|
| 245 | 1 | 0 |
_aNicolás de Maquiavelo y la modernidad / _cRolando forestieri. |
| 260 |
_aSanto Domingo : _bEmbajada de Italia, _c2005. _fEditora Búho |
||
| 300 |
_a59 p. : _bil., retrs. ; _c22 cm. |
||
| 504 | _aBibliografía: p. 58 -58 | ||
| 710 | 1 |
_aInstituto Cultural Domínico Italiano y Casa de Italia _953403 |
|
| 049 | _aBNPD | ||
| 999 |
_c25867 _d25867 |
||